عدو المرأة الصامت : أورام الثدى / (رقم التسجيلة. 126124)

تفاصيل مارك
000 -LEADER
fixed length control field 00662nam a22002057a 4500
005 - DATE AND TIME OF LATEST TRANSACTION
control field 20251108175110.0
008 - FIXED-LENGTH DATA ELEMENTS--GENERAL INFORMATION
fixed length control field 250721s2012 xx 000 0 ara d
082 14 - DEWEY DECIMAL CLASSIFICATION NUMBER
Classification number 616.994/عبد
100 1# - MAIN ENTRY--PERSONAL NAME
Personal name عبد الوهاب، محمد مصطفى
245 10 - TITLE STATEMENT
Title عدو المرأة الصامت : أورام الثدى /
264 1# - PRODUCTION, PUBLICATION, DISTRIBUTION, MANUFACTURE, AND COPYRIGHT NOTICE
Place of production, publication, distribution, manufacture القاهرة :
Name of producer, publisher, distributor, manufacturer دار أخبار اليوم،
Date of production, publication, distribution, manufacture, or copyright notice 2012.
300 ## - PHYSICAL DESCRIPTION
Extent 103ص.
490 0# - SERIES STATEMENT
Series statement السلسلة الطبية : كتاب اليوم
Volume/sequential designation 325
650 17 - SUBJECT ADDED ENTRY--TOPICAL TERM
Topical term or geographic name as entry element التشخيص
650 17 - SUBJECT ADDED ENTRY--TOPICAL TERM
Topical term or geographic name as entry element سرطان الثدي
650 17 - SUBJECT ADDED ENTRY--TOPICAL TERM
Topical term or geographic name as entry element العلاج
700 1# - ADDED ENTRY--PERSONAL NAME
Personal name عجينة، هالة عادل
942 ## - ADDED ENTRY ELEMENTS (KOHA)
Source of classification or shelving scheme Dewey Decimal Classification
Koha item type كتب
المقتنيات
حالة السحب حالة الفقدان مصدر التصنيف حالة التلف غير قابل للإعارة المكتبة الرئيسية المكتبة الحالية موقع الرف تاريخ التزويد الرقم المتسلسل Total Checkouts رقم الإستدعاء الباركود تاريخ آخر ظهور تاريخ الفاتورة نوع المادة (كوها)
    Dewey Decimal Classification     المكتبة المركزية المكتبة المركزية الإعارة 28/07/2025 1538954   616.994/عبد PLD00260892 28/07/2025 28/07/2025 كتب
    Dewey Decimal Classification     مكتبة أبو علندا العامة مكتبة أبو علندا العامة الإعارة 19/11/2012 1538955   616.994/عبد PLD00260968 28/07/2025 19/11/2012 كتب
Implemented & Customized by: BBB with SCIT (Smart Chains for Information Technology)

Powered by Koha